Educando a la generación zombi : (Registro nro. 4585)

Detalles MARC
000 -LEADER
fixed length control field 02181nam a2200325Ia 4500
003 - CONTROL NUMBER IDENTIFIER
control field OSt
005 - DATE AND TIME OF LATEST TRANSACTION
control field 20200205145804.0
008 - FIXED-LENGTH DATA ELEMENTS--GENERAL INFORMATION
fixed length control field 191128s2017 mx ado fr 001 0 spa d
020 ## - INTERNATIONAL STANDARD BOOK NUMBER
International Standard Book Number 9786071732026
040 ## - CATALOGING SOURCE
Original cataloging agency CO-JMCR
Transcribing agency CO-JMCR
082 ## - DEWEY DECIMAL CLASSIFICATION NUMBER
Classification number 155 .413 /
Item number A489e
100 1# - MAIN ENTRY--PERSONAL NAME
Personal name Amaya Guerra, Jesús,
Relator term autor
9 (RLIN) 160
245 10 - TITLE STATEMENT
Title Educando a la generación zombi :
Remainder of title déficit de la inteligencia ejecutiva /
Statement of responsibility, etc. Jesús Amaya Guerra, Everlyn Prado Maillard
250 ## - EDITION STATEMENT
Edition statement Primera edición
260 ## - PUBLICATION, DISTRIBUTION, ETC.
Place of publication, distribution, etc. México ; Colombia :
Name of publisher, distributor, etc. Trillas,
Date of publication, distribution, etc. @2017
300 ## - PHYSICAL DESCRIPTION
Extent 118 páginas :
Other physical details ilustraciones, fotográfias y gráficos a blanco y negro ;
Dimensions 23 cm.
500 ## - GENERAL NOTE
General note Incluye datos biográficos de los autores en solapa.
500 ## - GENERAL NOTE
General note Incluye índice analítico.
500 ## - GENERAL NOTE
General note "Impulsivos y frágiles emocionales, una generación narcisista, incluye una prueba de habilidades de la inteligencia ejecutiva"--Tapa
504 ## - BIBLIOGRAPHY, ETC. NOTE
Bibliography, etc. note Bibliografía: páginas 109-110
505 0# - FORMATTED CONTENTS NOTE
Formatted contents note ¿Somos mas inteligentes o más tontos? -- ¿Quiénes son la generación Zombi? -- Dueños del mundo, pero no de ellos mismos -- El cerebro de la generación Zombi -- La generación Zombi y su déficit en inteligencia ejecutiva -- ¿Los genios son realmente inteligentes? -- ¿Qué es la inteligencia ejecutiva? -- Inteligencia ejecutiva: Tomar buenas decisiones en un mundo de tentaciones -- Adultos eternamente adolescentes con pobre inteligencia ejecutiva -- Inteligencia ejecutiva y las empresas -- Prueba de habilidades de la inteligencia ejecutiva en las empresas (HIEE)
520 ## - SUMMARY, ETC.
Summary, etc. En esta obra los autores analizan cómo los padres de hoy tratan de hacer creer a los hijos que la vida es cómoda y fácil, por lo que llegan a aparentar ser zombis que sólo viven para satisfacer sus deseos de forma inmediata, sin importarles incluso, usar violencia para obtenerlos ni las consecuencias que conllevan.
650 14 - SUBJECT ADDED ENTRY--TOPICAL TERM
Topical term or geographic name entry element Padres e hijos
General subdivision aspectos psicológicos
9 (RLIN) 161
650 14 - SUBJECT ADDED ENTRY--TOPICAL TERM
Topical term or geographic name entry element Desarrollo infantil
9 (RLIN) 162
650 14 - SUBJECT ADDED ENTRY--TOPICAL TERM
Topical term or geographic name entry element Desarrollo de la inteligencia
9 (RLIN) 163
650 14 - SUBJECT ADDED ENTRY--TOPICAL TERM
Topical term or geographic name entry element Educación de niños
9 (RLIN) 164
650 14 - SUBJECT ADDED ENTRY--TOPICAL TERM
Topical term or geographic name entry element Aptitud de mando
9 (RLIN) 165
700 1# - ADDED ENTRY--PERSONAL NAME
Personal name Prado Maillard, Evelyn,
Relator term autora
9 (RLIN) 166
942 ## - ADDED ENTRY ELEMENTS (KOHA)
Source of classification or shelving scheme Dewey Decimal Classification
Koha item type Books
Existencias
Withdrawn status Lost status Source of classification or shelving scheme Materials specified (bound volume or other part) Damaged status Not for loan Home library Current library Date acquired Total Checkouts Total Renewals Full call number Barcode Date last seen Date last checked out Copy number Price effective from Koha item type
    Dewey Decimal Classification Donación--26/07/2019--     Biblioteca Pública José María del Castillo y Rada Biblioteca Pública José María del Castillo y Rada 11/28/2019 9 1 155 .413 / A489e 201809589 04/30/2025 04/29/2025 Ej.1 11/28/2019 Books